Implementation of six sigma in construction industry of Pakistan/ (Record no. 232184)
[ view plain ]
| 000 -LEADER | |
|---|---|
| fixed length control field | 00644nam a22001937a 4500 |
| 003 - CONTROL NUMBER IDENTIFIER | |
| control field | Nust |
| 005 - DATE AND TIME OF LATEST TRANSACTION | |
| control field | 20241101134359.0 |
| 008 - FIXED-LENGTH DATA ELEMENTS--GENERAL INFORMATION | |
| fixed length control field | 170216b xxu||||| |||| 00| 0 eng d |
| 040 ## - CATALOGING SOURCE | |
| Transcribing agency | Nust-MCE |
| 082 ## - DEWEY DECIMAL CLASSIFICATION NUMBER | |
| Classification number | 200 |
| 100 ## - MAIN ENTRY--PERSONAL NAME | |
| Personal name | Sadiq, Muhammad Yousaf |
| 9 (RLIN) | 50753 |
| 245 ## - TITLE STATEMENT | |
| Title | Implementation of six sigma in construction industry of Pakistan/ |
| Statement of responsibility, etc. | Muhammad Yousaf Sadiq, |
| 260 ## - PUBLICATION, DISTRIBUTION, ETC. | |
| Place of publication, distribution, etc. | MCE, |
| Name of publisher, distributor, etc. | MCE, |
| Date of publication, distribution, etc. | 2015. |
| 300 ## - PHYSICAL DESCRIPTION | |
| Extent | 89p. |
| Other physical details | ill. |
| Dimensions | 28cm. |
| 648 ## - SUBJECT ADDED ENTRY--CHRONOLOGICAL TERM | |
| General subdivision | MS-Construction Engineering and Management |
| 9 (RLIN) | 126708 |
| 700 ## - ADDED ENTRY--PERSONAL NAME | |
| Personal name | Supervisor Dr. Mazhar Iqbal Arshad |
| 9 (RLIN) | 126709 |
| 856 ## - ELECTRONIC LOCATION AND ACCESS | |
| Uniform Resource Identifier | <a href=" http://10.250.8.41:8080/xmlui/handle/123456789/11810"> http://10.250.8.41:8080/xmlui/handle/123456789/11810</a> |
| 942 ## - ADDED ENTRY ELEMENTS (KOHA) | |
| Koha item type | Soft Copy |
| Source of classification or shelving scheme | |
| Withdrawn status | Lost status | Source of classification or shelving scheme | Damaged status | Not for loan | Permanent Location | Current Location | Shelving location | Date acquired | Full call number | Barcode | Date last seen | Price effective from | Koha item type |
|---|---|---|---|---|---|---|---|---|---|---|---|---|---|
| Central Library (CL) | Central Library (CL) | Thesis | 10/02/2020 | 200 | CL-T-6407 | 10/02/2020 | 10/02/2020 | Soft Copy |
